Statistics for Shotgun - George Ezra (All Lyrics)

Click here to take the quiz!

General Stats

  • This quiz has been taken 1,021 times
  • The average score is 223 of 270

Answer Stats

Lyrics% Correct
a
98%
the
98%
I
97%
shotgun,
95%
sun,
94%
be.
92%
be
92%
hot
92%
you
92%
some.
90%
underneath
90%
I'll
89%
riding
89%
see
89%
to
89%
in
88%
like
88%
someone.
88%
someone,
88%
feeling
87%
and
86%
got
84%
me,
84%
hit
81%
road.
81%
later.
80%
alligator,
79%
of
79%
of.
79%
what
78%
Gotta
77%
green.
77%
I'm
77%
top
77%
yellow
77%
'round
76%
Time
76%
by
75%
mean.
75%
you'll
75%
around
73%
dreaming
73%
flies
73%
get
73%
If
73%
mountain
73%
that
73%
There's
73%
this.
73%
know
72%
used
72%
where
71%
Homegrown
69%
could
68%
need
68%
Stick
68%
we
67%
We
67%
back.
65%
two
64%
front,
63%
atmosphere.
62%
Bikini
60%
look
60%
bottoms,
58%
don't
58%
equator,
52%
South
52%
tops.
52%
along
51%
navigator.
51%
sea
51%
unfamiliar.
51%
clock.
50%
Deep
50%
Architecture
48%
diving
48%
lager
47%
changed
45%
Sailing
41%
Something
41%

Score Distribution

Percentile by Number Answered

Percent of People with Each Score

Your Score History

You have not taken this quiz